| 000 | 00377nab a2200133Ia 4500 | ||
|---|---|---|---|
| 003 | ES-SlBCS | ||
| 005 | 20210601131733.0 | ||
| 008 | 140529s1952 xxu||||| |||| 00| 0 fre d | ||
| 041 | _afre | ||
| 100 | 1 |
_aCausse, André _9188407 |
|
| 245 | 0 | 0 |
_aPattes blanches et faces noires _c André Causse |
| 773 | 0 |
_tVie Intelectuelle (La) _gnº. 5, 1952, págs. 89-91 _wRev907 |
|
| 942 | _cAR | ||
| 999 |
_c567920 _d567920 |
||